000
00202nam a22000857a 4500
008
161210b xxu||||| |||| 00| 0 eng d
100
_9
1974
_a
Arora.S.
245
_a
Physics-XI
260
_a
New Delhi
_b
D.R.
_c
2012
999
_c
4773
_d
4773